000 00952nam a2200265 a 4500
001 000004538
005 20240302073949.0
008 090723s2006 dr a 000 0 spa d
020 _a9993410403
040 _aDO-SdBNP
_bspa
_cBNPHU
082 _a923.27293
_bN964C, 2006
100 1 _aCassá, Roberto,
_d1948-
_910888
245 1 0 _aJosé Núñez de Cáceres :
_bprecursor de la independencia /
_cRoberto Cassá.
250 _a2a. ed.
260 _aSanto Domingo :
_bTobogan,
_c2006.
300 _a49 p. :
_bil. ;
_c21 cm.
490 1 _aBiografías dominicanas Tobogán ;
504 _aBibliografía p: 49
590 _aInventariado, 2018/ YL
600 1 0 _aNúñez de Cáceres, José,
_d1772-1846
_913255
650 4 _aPolíticos
_zRepública Dominicana
_vBIOGRAFÍAS
_96328
651 4 _aRepública Dominicana
_xHistoria
_yOCUPACIÓN HAITIANA
_913256
830 0 _aBiografías Dominicanas Tobogán
_9769
910 _aValidado. Control de calidad, MFF
999 _c4347
_d4347